<?xml version="1.0" encoding="UTF-8"?>
<record
    xmlns:xsi="http://www.w3.org/2001/XMLSchema-instance"
    xsi:schemaLocation="http://www.loc.gov/MARC21/slim http://www.loc.gov/standards/marcxml/schema/MARC21slim.xsd"
    xmlns="http://www.loc.gov/MARC21/slim">

  <leader>04257nam a22001817a 4500</leader>
  <controlfield tag="005">20241025144203.0</controlfield>
  <controlfield tag="008">241025b           ||||| |||| 00| 0 eng d</controlfield>
  <datafield tag="020" ind1=" " ind2=" ">
    <subfield code="a">9780750675406</subfield>
  </datafield>
  <datafield tag="050" ind1=" " ind2=" ">
    <subfield code="a">RT964.G72 M58(5e)</subfield>
  </datafield>
  <datafield tag="245" ind1=" " ind2=" ">
    <subfield code="a">Midwifery:best practice volume 5 /</subfield>
    <subfield code="c">edited by Sara Wickham</subfield>
  </datafield>
  <datafield tag="250" ind1=" " ind2=" ">
    <subfield code="a">5th ed.</subfield>
  </datafield>
  <datafield tag="260" ind1=" " ind2=" ">
    <subfield code="a">Philadelphia :</subfield>
    <subfield code="b">Elsevier,</subfield>
    <subfield code="c">2008.</subfield>
  </datafield>
  <datafield tag="300" ind1=" " ind2=" ">
    <subfield code="a">vii, 334 p. :</subfield>
    <subfield code="b">ill. ;</subfield>
    <subfield code="c">28 cm.</subfield>
  </datafield>
  <datafield tag="500" ind1=" " ind2=" ">
    <subfield code="a">Includes index.</subfield>
  </datafield>
  <datafield tag="505" ind1=" " ind2=" ">
    <subfield code="a">Contents: Section1: Women and midwives: Women, midwives, partnership and power -- Conflicting ideologies as a source of emotion work in midwifery -- Advice on advice -- Developing maternity unit visiting policy -- Handle with care! -- Protecting the public &#x2013; from me -- The landscape for caring for women: a narrative study of midwifery practice -- Midwives: praise and beyond -- Topics for further reflection -- Section 2: Focus on . . . the birthing environment: How women choose where to give birth --Home birth: a social process, not a medical crisis -- Home birth: safe as houses? -- The influence of maternity units intrapartum intervention rates and midwives risk perception for women suitable for midwifery &#x2013; led care -- Birth centres: a success story -- Defining and developing the birth centre --  Improving the birthing environment -- Topics for further reflection -- Section 3: Pregnancy: Tell me a story -- Getting parent education right -- Fears and feelings in second &#x2013; time pregnancy -- Women needs from antenatal care in three European countries -- Women&#x2019;s experiences of unexpected ultrasound feelings -- TTP and me -- A guide to less common antenatal blood test -- The assisted conception pregnancy -- Asking the question: antenatal domestic violence -- Preventing infant allergies -- Topics for further reflection --Section 4: Women, midwives and risks: Blood transfusion: the hidden dangers -- Coagulation disorders (1) deep vein thrombosis: breaking the silence -- Coagulation disorders (2) pulmonary embolism -- An early warning system for pre &#x2013; eclampsia -- Topics for further reflection -- Section 5: Labour and birth: Birth that taught me important lessons -- Unlocking the potential for normality -- Lambs to the slaughter -- Water: what are we afraid of? -- Routine cord blood gas analysis: an overreaction? -- Need to know: vaginal birth after caesarian (part1) -- Need to know: vaginal birth after caesarian (part2) -- Does pethidine relieve pain? -- More than a cuddle: skin &#x2013; to &#x2013; skin is key -- To cut or not to cut? -- Smile for your sphincter --- Topics for further reflection -- Section 6: Focus on . . .  holistic health: -- Ice massage for reduction of labour pain -- Float like a butterfly . . .yoga and birth --Giving birth on a beach: hypnosis and psychology -- A time to bloom -- Ginger: an essential oil for shortening labour? -- Rebirthing birth -- Section 7: Life after birth: The &#x2018;golden orb&#x2019; of the postnatal period: a midwife&#x2019;s role in the process of integrating a renewed self story in a mother following birth -- Let&#x2019;s ban water torture -- Cochrane made simple: topical umbilical cord care at birth -- Don&#x2019;t mention the &#x2018;B&#x2019; word -- Maternal breastfeeding positions: have we got it right? (1) --- Maternal breastfeeding positions: have we got it right? (2) -- A randomised controlled trail in the north of England examining the effect of skin &#x2013; to &#x2013; skin care on breast feeding -- Expression of love -- Breastfeeding peer support in Doncaster: the next stage, learning from each other -- Section 8: Focus on  . . . working / international stories: empowering women in Ngorno &#x2013; Karabakh -- Birth and death in Sierra Leone -- Caring for mama and pikinini in Papua New Guinea -- On mission with Medicins Sans Frontieres -- Contraception education in Brazil -- Home thoughts from abroad &#x2013; Section 9: Stories and reflections: A midwife reborn -- Let&#x2019;s be realistic . . . -- The birth of Nuno -- Sitting in judgement: a personal reflection -- Managing cord prolapse at home birth -- Celebrating the &#x2018;art&#x2019; of midwifery -- Four labours and amars bar -- There is a foot -- An education in training -- Midwifing my daughter, receiving my grandson -- Spreading some magic.</subfield>
  </datafield>
  <datafield tag="700" ind1=" " ind2=" ">
    <subfield code="a">Wickham, Sara.</subfield>
    <subfield code="9">3233</subfield>
  </datafield>
  <datafield tag="942" ind1=" " ind2=" ">
    <subfield code="2">lcc</subfield>
    <subfield code="c">BK</subfield>
  </datafield>
  <datafield tag="999" ind1=" " ind2=" ">
    <subfield code="c">10462</subfield>
    <subfield code="d">17962</subfield>
  </datafield>
  <datafield tag="952" ind1=" " ind2=" ">
    <subfield code="0">0</subfield>
    <subfield code="1">0</subfield>
    <subfield code="2">lcc</subfield>
    <subfield code="4">0</subfield>
    <subfield code="7">0</subfield>
    <subfield code="a">WIUC-1</subfield>
    <subfield code="b">WIUC-1</subfield>
    <subfield code="c">NURS L.</subfield>
    <subfield code="d">2024-10-25</subfield>
    <subfield code="o">RT964.G72 M58(5e)</subfield>
    <subfield code="p">NURS/980/160/24</subfield>
    <subfield code="r">2024-10-25 00:00:00</subfield>
    <subfield code="t">1</subfield>
    <subfield code="w">2024-10-25</subfield>
    <subfield code="y">BK</subfield>
  </datafield>
  <datafield tag="952" ind1=" " ind2=" ">
    <subfield code="0">0</subfield>
    <subfield code="1">0</subfield>
    <subfield code="2">lcc</subfield>
    <subfield code="4">0</subfield>
    <subfield code="7">0</subfield>
    <subfield code="a">WIUC-1</subfield>
    <subfield code="b">WIUC-1</subfield>
    <subfield code="c">NURS L.</subfield>
    <subfield code="d">2024-10-25</subfield>
    <subfield code="o">RT964.G72 M581(5e)</subfield>
    <subfield code="p">NURS/981/161/24</subfield>
    <subfield code="r">2024-10-25 00:00:00</subfield>
    <subfield code="t">2</subfield>
    <subfield code="w">2024-10-25</subfield>
    <subfield code="y">BK</subfield>
  </datafield>
</record>
